| 000 | 00450 a2200157 4500 | ||
|---|---|---|---|
| 999 |
_c2570 _d2570 |
||
| 020 | _a n/a | ||
| 050 | 0 | 0 | _aJX1995 |
| 100 | 1 |
_aJenks, C. Wilfred _d1909-1973. |
|
| 245 | 1 | 4 |
_aThe proper law of international organisations. _cC. Wilfred Jenks. |
| 264 |
_aLondon: _bStevens and sons ltd _c1962 |
||
| 300 | _a282 p. | ||
| 500 | _aIncludes index. | ||
| 504 | _aIncludes bibliography. | ||
| 650 | 0 | _aInternational agencies. | |
| 942 |
_2lcc _cBK _h1995 _iWIL _kJX |
||